| 000 | 00605nam a2200205Ia 4500 | ||
|---|---|---|---|
| 008 | 191130s1994##################000#0#eng## | ||
| 020 | _a9780195084122 | ||
| 022 | _a93000397 | ||
| 040 |
_aACL _cACL |
||
| 082 | _a342.7308509 TUS | ||
| 100 | _aTushnet, Mark V | ||
| 245 |
_aMaking civil rights law : Thurgood Marshall and the Supreme Court, 1936-1961 _cMark V. Tushnet |
||
| 260 |
_aOxford _bOxford University Press _cC1994 |
||
| 300 | _axii, 399 p | ||
| 500 | _aIncludes index | ||
| 650 | _aCivil rights law | ||
| 990 | _a20a4fbc6ac10000c2507b0e9a39550c0 | ||
| 991 | _a276130 | ||
| 999 |
_c274096 _d274096 |
||